| 000 | 00434cam a2200181ua 4500 | ||
|---|---|---|---|
| 001 | 1155 | ||
| 008 | 110429n ii |||gr||||Z||||||eng | ||
| 040 | _cMAIN | ||
| 082 | _a339.01 | ||
| 245 | 1 |
_aMacro economics. _cBy F S Brooman. |
|
| 250 | _a6th. | ||
| 260 |
_aLondon.: _bGeorge Allen.,967. |
||
| 300 |
_a384 p.: _c21 cm. |
||
| 653 | _aEconomics. | ||
| 653 | _aMacro economics. | ||
| 700 | 1 |
_aBrooman, F S., _eAuithor., |
|
| 942 | _cBK | ||
| 999 |
_c1066 _d1066 |
||